00478nam a2200121 a 450000100100000000500170001000800410002704000250006824500970009326000320019095201170022299900170033900004485420201002045700.0150114s1900 000 spa d aDO-SdBNPbspacBNPHU 0aConvención sobre la eliminación de todas las formas de discriminación contra la mujer. aNew York, :bUNICEF,c1900? 001050718MOaGRbGRcHDd2015-01-14iLF1l0o342.0878 C766p44854-10r2020-06-25w2020-06-25y1ZNo se presta c44343d44343